000 00848nam a2200217 i 4500
001 22117
003 ES-MaACL
005 20230906152624.0
007 t|
008 021213s1904 fr ||||1| fre d
080 _a929 Péladan, Joséphin
100 1 _aAubrun, René-Georges.
_923820
245 1 0 _aPéladan
_b: biographie précédée d'un portrait frontispicie, illustrée de divers dessins et d'un autographe, suivie d'opinion et d'une bibliographie ; ornements typropgraphiques d'Orazi /
_cpar René-Georges Aubrun.
260 _aParis :
_bE. Sansot,
_c1904.
300 _a49 p. :
_bil. ;
_c18 cm.
490 1 _aLes célébrités d'aujourd'hui
600 1 4 _aPéladan, Joséphin.
_990015
830 0 _aLes célébrités d'aujourd'hui
_9180788
852 _aES-MaACL
_jD-746(1)
_q. - Encuadernado con otras obras
999 _c22117
_d22117